| 000 | 00450nam a22001817a 4500 | ||
|---|---|---|---|
| 003 | LK-CoMWRAF | ||
| 005 | 20231025232123.0 | ||
| 008 | 231025b |||||||| |||| 00| 0 eng d | ||
| 040 |
_aLK-CoMWRAF _dLK-CoMWRAF _eLK-CoMWRAF |
||
| 041 | _aeng | ||
| 082 |
_a823 _bANA |
||
| 100 | _aAnand, Mulk Raj | ||
| 245 | _aCoolie | ||
| 260 |
_aLondon : _bHutchinson International Authors, _c1947 |
||
| 300 | _a272p | ||
| 650 | _aEnglish Fiction | ||
| 942 | _cBK | ||
| 999 |
_c4004 _d4004 |
||